Piosenki Ani Dąbrowskiej - nagła śmierć - Statystyki

Ogólne statystyki
  • Ten quiz został rozwiązany 60 razy
  • Średni wynik to 5 z 9
Answers on the Grid
Answers color-coded by a green-red scale on the quiz's grid according to % correct below.
Porady na zdrady
Z Tobą nie umiem wygrać
Szampan
Niech żyje bal
Nie patrzę w dół
Tego chciałam
Cześć, jak się masz?
W głowie
Eldorado
To nie ja
Ktoś inny
Za każdą chwilę z Tobą
Bożenka
Serce nie sługa
Pożyczony
Sing sing
Trudno mi się przyznać
Melodia ta
Nim zajdzie słońce
Poskładaj mnie
Helsinki
To byłby cud
Nieprawda
Ale jazz!
 
Statystyki odpowiedzi
Odpowiedź % Poprawnych
Z Tobą nie umiem wygrać
90%
Porady na zdrady
88%
Tego chciałam
62%
Trudno mi się przyznać
60%
Serce nie sługa
58%
W głowie
54%
Nieprawda
48%
Poskładaj mnie
33%
Ktoś inny
25%
Nie znaleziono quizów pasujących do podanych kryteriów
Rozkład punktacji
Procent ludzi z każdym wynikiem
Percentyl według liczby udzielonych odpowiedzi
Twoja historia wyników
Nie rozwiązałeś tego quizu